000
00275nam a2200109Ia 4500
008
220217s9999 xx 000 0 und d
245
0
_a
Specification- Raw natural rubber.
260
_c
1976
500
_a
Standard number: BS 4396
650
_a
Raw natural rubber
942
_c
ST
999
_c
73089
_d
73089